000 00472nam a2200181 a 4500
001 1771297337032
003 YourLibrary
005 20260217083535.0
008 260217s2010##################000#0#eng##
020 _a9781849711609
082 0 4 _a333.794
_bSEI
100 1 _aSeifried, Dieter,
_eauthor.
245 1 0 _aRenewable Energy :
260 _bRoutledge,
_c2010.
650 0 _aRenewable energy sources.
942 _cENGLISH
040 _aYourLibrary
_beng
_cYourLibrary
999 _c612811
_d612811